| 000 | 00779nam a22002295i 4500 | ||
|---|---|---|---|
| 001 | 170150 | ||
| 003 | ES-MaACL | ||
| 005 | 20230906214312.0 | ||
| 008 | 090206s1970 it |||| | ita d | ||
| 020 | _a0-85285-018-2 | ||
| 080 | _a811.131.1'367.25 | ||
| 110 | 2 |
_aHugo's Language Institute. _9139368 |
|
| 245 | 1 | 0 |
_aItalian verbs simplified _b: rules on the formation of tenses, tables for reference. |
| 250 | _aEdicion rev. | ||
| 260 |
_aLondon : _bHugo's Language Books, _c[1970] |
||
| 300 |
_a48 p. ; _c17 cm. |
||
| 490 | 1 | _aHugo's simplified system | |
| 650 | 1 | 4 |
_aLengua italiana- _xConjugación. _9137938 |
| 830 | 0 |
_aHugo's simplified system _9222974 |
|
| 852 |
_aES-MaACL _j2246-F-12 _9R.140990 _z.- Biblioteca Jacinto MartÃnez Lacalle |
||
| 999 |
_c170150 _d170150 |
||